| 000 | 00605nam a2200229Ia 4500 | ||
|---|---|---|---|
| 003 | OSt | ||
| 005 | 20230516150853.0 | ||
| 008 | 210423s2014 xx 000 0 und d | ||
| 020 | _a978-93-83096-37-4 | ||
| 040 | _cAL | ||
| 041 | _aeng | ||
| 082 | _a339 IQBM | ||
| 100 |
_aIQBAL (Naila) _9105751 |
||
| 245 | _aMacroeconomics after globalization | ||
| 260 |
_aJaipur _bHorizon scientific press _c2014 |
||
| 300 |
_aviii,296p _bHB |
||
| 365 |
_b1695 _cINR |
||
| 650 |
_aEconomics _9105752 |
||
| 650 |
_aMacroeconomics _9105753 |
||
| 906 | _aafter ; globalization ; Macroeconomics | ||
| 942 |
_2ddc _cBK |
||
| 999 |
_c166437 _d166437 |
||